| 000 | 00356nam a2200145Ia 4500 | ||
|---|---|---|---|
| 008 | 230917s9999||||xx |||||||||||||| ||und|| | ||
| 040 |
_e21384 _aMAIN |
||
| 041 | _aEnglish | ||
| 082 | _a514 M786E | ||
| 100 | _aMoore, Theral O | ||
| 245 | 0 | _aElementary general topology | |
| 260 |
_aNew Jersey _bPrentice-Hall _c1964 |
||
| 300 | _axi, 174 p. | ||
| 942 | _cBK | ||
| 999 |
_c64934 _d64934 |
||